| 000 | 00775nam a2200241Ia 4500 | ||
|---|---|---|---|
| 003 | OSt | ||
| 005 | 20220923220605.0 | ||
| 006 | a|||||r|||| 00| 0 | ||
| 007 | ta | ||
| 008 | 220922b |||||||| |||| 00| 0 hin d | ||
| 024 | _a187,785 | ||
| 037 | _cTextual | ||
| 040 |
_aARTS _cARTS _bhin |
||
| 041 |
_2hin _ahin |
||
| 082 | _aW:(P111):4k, 152M2-;1(RR) | ||
| 100 | _aगाबा, ओम प्रकाश | ||
| 245 | 0 | _aराजनीति विज्ञान कोश | |
| 246 | _aRājanīti vijnyān kosha | ||
| 260 |
_aदिल्ली _b बी आर प्रकाशन _c1982 |
||
| 300 |
_a387 पृ. _ccm. |
||
| 942 |
_hW:(P111):4k, 152M2-;1(RR) _cTEXL _2CC |
||
| 999 |
_c340862 _d340862 |
||